Zber dát z vibračných snímačov za účelom prediktívnej údržby s využitím technológie Industrial Edge

Salvato in:
Dettagli Bibliografici
Autore principale: Shevtsov, Oleksii (Autore)
Altri autori: Cigánek, Ján (Relatore della tesi)
Natura: Manoscritto Libro
Lingua:slovacco
Pubblicazione: 2025
Soggetti:
Accesso online:http://is.stuba.sk/zp/portal_zp.pl?podrobnosti=184467
Tags: Aggiungi Tag
Nessun Tag, puoi essere il primo ad aggiungerne!!

MARC

LEADER 00000ntm a22000003a 4500
001 stuzp103937
003 SK-STU
005 20250614212422.7
007 ta
008 150427s2015----xo-----f-mn---000-0-slo-d
040 |a STU  |b slo 
041 0 |a slo 
100 1 |a Shevtsov, Oleksii  |u 030400  |4 aut  |U FEI Fakulta elektrotechniky a informatiky  |T FEI Ústav automobilovej mechatroniky  |X 105851  |U E400  |Y 642  |7 105851 
242 0 1 |a Data collection from vibration sensors for the purpose of predictive maintenance using Industrial Edge technology  |y eng 
245 1 0 |a Zber dát z vibračných snímačov za účelom prediktívnej údržby s využitím technológie Industrial Edge 
260 |c 2025 
650 4 |a vibration analysis  |2 eng 
650 4 |a predictive maintenance  |2 eng 
650 4 |a Siemens Industrial Edge  |2 eng 
650 4 |a PLC S7-1200  |2 eng 
650 4 |a CMS modules  |2 eng 
650 4 |a CMS moduly  |2 slo 
650 4 |a vibrodiagnostika  |2 slo 
650 4 |a prediktívna údržba  |2 slo 
650 4 |a Siemens Industrial Edge  |2 slo 
650 4 |a PLC S7-1200  |2 slo 
700 1 |a Cigánek, Ján  |u 030400  |k Z1  |4 ths  |U FEI Fakulta elektrotechniky a informatiky  |T FEI Ústav automobilovej mechatroniky  |X 10327  |U E400  |Y 642  |7 10327 
856 4 |u http://is.stuba.sk/zp/portal_zp.pl?podrobnosti=184467